000 00788nam a22002177a 4500
999 _c7591
_d7591
003 AR-CdUCM
008 190320b ||||| |||| 00| 0 spa d
020 _a84-267-0033-0
040 _aMUNICIPALIDAD PROVINCIAL DEL CUSCO
_cBIBLIOTECA MUNICIPAL DEL CUSCO
082 _a621.388 /
_bG83
100 _aGrob, Bernard
_921434
245 _aTelevisión practica :
_bFundamentos y reparación /
260 _aBarcelona :
_bMarcombo,
_c1967.
300 _a660 paginas ;
_c25 cm.
505 _aContenido :El sistema de televisión -- Tubos de cámara -- Exploración y sincronizacion -- Señal vidéo compuesta -- Señal portadora de imagen ...
650 _aTelevisión
_921435
650 _aReparación
_918247
700 _aIbañez Morlan, L.
_921436
942 _2ddc
_cLIBROS
945 _arum